Statistics for Cross Flags

Click here to take the quiz!

General Stats

  • This quiz has been taken 26 times
  • The average score is 5 of 5

Answer Stats

Answer% Correct
Switzerland
100%
United Kingdom
100%
Georgia
91%
Dominica
86%
Dominican Republic
77%

Score Distribution

Percentile by Number Answered

Percent of People with Each Score

Your Score History

You have not taken this quiz